| 000 | 00459nam a2200157Ia 4500 | ||
|---|---|---|---|
| 008 | 230312s9999||||xx |||||||||||||| ||und|| | ||
| 020 | _a0-8436-0765-3 | ||
| 082 |
_a657 _bNIC |
||
| 100 | _aClarence B. Nickerson | ||
| 245 | 0 | _aAccounting Handbook For Non Accountants | |
| 260 |
_bCBI Publishing Company, Inc. _aAmerica _c1979 |
||
| 300 | _a701 | ||
| 546 | _aEng. | ||
| 650 |
_aAccounting _vElement of Financial Reporting, Cash Flow Analysis |
||
| 942 | _cBK | ||
| 999 |
_c4948 _d4948 |
||